Statistics for Столиците в Северна Америка

Click here to take the quiz!

General Stats

  • This quiz has been taken 120 times
  • The average score is 12 of 23

Answer Stats

CountryCapital City% Correct
САЩВашингтон
95%
МексикоМексико
90%
КанадаОтава
90%
КубаХавана
81%
ПанамаПанама
76%
ГватемалаГватемала
71%
ЯмайкаКингстън
65%
СалвадорСан Салвадор
65%
НикарагуаМанагуа
63%
Коста РикаСан Хосе
63%
Доминиканска републикаСанто Доминго
48%
БелизБелмопан
48%
ХаитиПорт о Пренс
44%
Сейнт Винсънт и ГренадиниКингстаун
37%
ХондурасТегусигалпа
35%
БахамиНасау
33%
Антигуа и БарбудаСейнт Джонс
33%
ГренадаСейнт Джорджис
32%
ДоминикаРозо
32%
Тринидад и ТобагоПорт ъф Спейн
32%
БарбадосБриджтаун
30%
Сейнт ЛусияКастрийс
24%
Сейнт Китс и НевисБастер
22%

Score Distribution

Percentile by Number Answered

Percent of People with Each Score

Your Score History

You have not taken this quiz